Keď peniaze nosí žena

Rozhovor s Martinou Veterníkovou a Natáliou Vicsápi, ženami-podnikateľkami, podnikajúcimi v odvetviach, ktoré aj napriek kríze rastú a prosperujú.

Salvato in:
Dettagli Bibliografici
Autore principale: Majorová, Jana
Natura: Capitolo di libro
Lingua:slovacco
Soggetti:
Tags: Aggiungi Tag
Nessun Tag, puoi essere il primo ad aggiungerne!!

MARC

LEADER 00000naa a2200000 4500
001 0132542
005 20230912101206.4
041 0 |a slo 
044 |a SK 
245 1 0 |a Keď peniaze nosí žena  |c Jana Majorová 
520 |a Rozhovor s Martinou Veterníkovou a Natáliou Vicsápi, ženami-podnikateľkami, podnikajúcimi v odvetviach, ktoré aj napriek kríze rastú a prosperujú. 
610 2 0 |a ženy 
610 2 0 |a podnikanie 
610 2 0 |a podnikanie živnostenské 
610 2 0 |a podnikanie obchodné 
610 2 0 |a stratégia podnikateľská 
610 2 0 |a rozhodovanie individuálne 
610 2 0 |a zámery podnikateľské 
610 2 0 |a zisk 
610 2 0 |a kariéra 
100 1 |a Majorová, Jana